| 000 | 00619nam a2200181 i 4500 | ||
|---|---|---|---|
| 001 | 21412 | ||
| 003 | ES-MaACL | ||
| 005 | 20250903022109.0 | ||
| 007 | t| | ||
| 008 | 021125s1984 sp ||||1| spa d | ||
| 100 | 1 |
_aAlcaide Inchausti, Angel. _919443 |
|
| 245 | 1 | 0 |
_aEstadística _b: (introducción) / _credactada por Angel Alcaide Inchausti. |
| 260 |
_a[Madrid] : _bUniversidad Nacional de La Plata, Facultad de Ciencias Económicas y Empresariales, _c[1984] |
||
| 300 |
_a348 p. ; _c30 cm. |
||
| 650 | 7 |
_aEstadística matemática _2embne _9143469 |
|
| 852 |
_aES-MaACL _jL-7238 _bR.108205 |
||
| 999 |
_c21412 _d21412 |
||